| 000 | 00515nam a2200193 a 4500 | ||
|---|---|---|---|
| 001 | 2927 | ||
| 003 | CO-ViMGA | ||
| 008 | 141112s2004 ck r 000 u spa d | ||
| 040 |
_aCO-ViMGA _bspa _cCO-ViMGA |
||
| 082 | 0 | 4 | _a616.8917 F765 |
| 100 | 1 | _aFromm, Erich | |
| 245 | 1 | 0 |
_aLa patología de la normalidad : _bobra postuma |
| 260 |
_aBarcelona : _bPaidós, _c1994 |
||
| 300 | _a195 p | ||
| 490 | _aPaidós studio, 97 | ||
| 650 | 1 | 4 |
_aPSICOANALISISHOMBRE _952109 |
| 650 | 1 | 4 |
_aSALUD MENTAL _952110 |
| 942 |
_2ddc _cBK |
||
| 999 |
_c14993 _d14993 |
||